Count to 10 Word Ladder Quiz Stats

 Plays Quiz Updated Feb 11, 2020

Support Sporcle.
Go Orange.
Score 0/51 Timer 05:00
2 Plays Today
Hint 4-Letter Word % Correct
∇ 5 ENGLISH 5 ∇∇ FIVE ∇
88.8%
∇ 3 SPANISH 3 ∇∇ TRES ∇
88.7%
For Heaven's ___SAKE
85.8%
Use SCUBA gearDIVE
83.2%
Song for twoDUET
83.1%
Greek god of warARES
80.6%
Relaxes in a chairSITS
79.8%
Passes awayDIES
79.7%
Spinning toysTOPS
79.6%
Sporcle, Amazon or GoogleSITE
79.5%
TV host LettermanDAVE
78.9%
SoilDIRT
78.7%
Strikes HITS
78.5%
Atkins, South Beach or the ZoneDIET
77.9%
For a triangle, it's 1/2 bhAREA
77.6%
Diamonds or spadesSUIT
77.3%
Missile for a pub gameDART
76.5%
Small sheltersHUTS
76.3%
Beef fat often used with bird foodSUET
74.7%
It could be 'double-dog'DARE
74.2%
PiggiesTOES
74%
Jabba's alien raceHUTT
72.5%
∇ 8 FRENCH 8 ∇∇ HUIT ∇
72.5%
Store since 1924 on Fifth Ave, NYSAKS
71.2%
Sinks below the horizonSETS
67.6%
∇ 7 PORTUGUESE 7 ∇∇ SETE ∇
63.8%
Hint 4-Letter Word % Correct
∇ 1 GERMAN 1 ∇∇ EINS ∇
62.8%
Puts on (clothing)DONS
62.3%
Central, open space of a cathedralNAVE
60.9%
Cuts off extra bitsLOPS
60.3%
There are 4 in geologic timeEONS
60.2%
∇ 6 DANISH 6 ∇∇ SEKS ∇
60.2%
A small knot of lymph tissueNODE
59.4%
Does garden workHOES
59.3%
Non-verbal assentsNODS
58.7%
LeveeDIKE
58.4%
Small British stream that dries upSIKE
56.9%
∇ 10 SPANISH 10 ∇∇ DIEZ ∇
56.7%
∇ 9 ITALIAN 9 ∇∇ NOVE ∇
56.6%
HurriesHIES
55.9%
La _____ Tar Pits in LABREA
55.9%
Comic strip couple, Hi and _____LOIS
55%
Verbal non-assentsNOES
53.5%
Uncle Remus's _____ RabbitBRER
52%
∇ 2 PORTUGUESE 2 ∇∇ DOIS ∇
50.6%
∇ 4 NORWEGIAN 4 ∇∇ FIRE ∇
36.3%
A patch of wet, boggy soilMIRE
31.2%
Coffin standBIER
30.2%
Ballpoint penBIRO
27.1%
Spanish surrealistMIRO
23.2%
Ethiopian currencyBIRR
20.4%

You're not logged in!

Compare scores with friends on all Sporcle quizzes.
OR
Log In
Forgot?

From the Vault

Movie Three-scriptions

by MSUKent

Movies 6m
The best part of this game is reciting the answers in an Incredible Hulk voice.
Remove Ads.
Support Sporcle.
Get the best of Sporcle when you Go Orange. This ad-free experience offers more features, more stats, and more fun while also helping to support Sporcle. Thank you for becoming a member.

Show Comments

Extras

Top Quizzes Today


Score Distribution

Your Account Isn't Verified!

In order to create a playlist on Sporcle, you need to verify the email address you used during registration. Go to your Sporcle Settings to finish the process.

Report this User

Report this user for behavior that violates our Community Guidelines.

Details: